000 00570nam a2200193Ia 4500
008 140626s9999 xx 000 0 und d
100 _aRosen, Christopher..
245 _aLet's make a deal :
_b development and validation of the ex post i-deals scale /
_cChristopher Rosen ... [et al.].
260 _cc2013.
300 _a39 : 3, page 709
440 _aJournal of Management
521 _aBSBA
650 _aI-deals.
650 _aIdiosyncratic deals.
650 _aPolitical skill.
650 _aSocial exchange.
650 _aWork attitudes.
942 _cSE
999 _c121026
_d121026